Entrepreneurship in the global economy : engine for economic growth /

Bibliographic Details
Main Author: Kressel, Henry
Corporate Author: ebrary, Inc
Other Authors: Lento, Thomas V.
Format: eBook
Language:English
Published: Cambridge : Cambridge University Press, 2012.
Subjects:
Online Access:Connect to the full text of this electronic book

MARC

Tag First Indicator Second Indicator Subfields
LEADER 00000cam a2200000Ia 4500
001 in00002781958
006 m d
007 cr cn|||||||||
008 120409s2012 enka ob 001 0 eng d
005 20250816213600.8
010 |z  2012013671 
020 |z 9781107019768 
020 |z 9781139530781 
035 |a (CaPaEBR)ebr10583252 
035 |a (OCoLC)804845597 
040 |a CaPaEBR  |c CaPaEBR  |d UtOrBLW 
050 1 4 |a HB615  |b .K74 2012eb 
082 0 4 |a 338/.04  |2 23 
100 1 |a Kressel, Henry. 
245 1 0 |a Entrepreneurship in the global economy :  |b engine for economic growth /  |c Henry Kressel, Thomas V. Lento. 
264 1 |a Cambridge :  |b Cambridge University Press,  |c 2012. 
300 |a 1 online resource (xii, 266 pages) :  |b illustrations 
336 |a text  |b txt  |2 rdacontent 
337 |a computer  |b c  |2 rdamedia 
338 |a online resource  |b cr  |2 rdacarrier 
504 |a Includes bibliographical references and index. 
500 |a Electronic resource. 
650 0 |a Entrepreneurship. 
650 0 |a Economic development. 
650 0 |a Free trade. 
650 0 |a Industrial policy. 
650 0 |a Economic policy. 
650 0 |a Globalization  |x Economic aspects. 
655 7 |a Electronic books.  |2 local 
700 1 |a Lento, Thomas V. 
710 2 |a ebrary, Inc. 
856 4 0 |u https://ebookcentral.proquest.com/lib/tamucs/detail.action?docID=977186  |y Connect to the full text of this electronic book  |t 0 
980 |a 120918  |b 45  |c USD  |e 45  |f YBP_EBR0000042581  |g 1 
999 f f |s d146a50a-2ef9-383a-98d4-afabb625ffa6  |i 637d57bc-4423-3089-a426-a948df9a4f39  |t 0 
999 |a MARS 
952 f f |a Texas A&M University  |b College Station  |c Electronic Resources  |d Available Online  |t 0  |e HB615 .K74 2012eb  |h Library of Congress classification 
998 f f |a HB615 .K74 2012eb  |t 0  |l Available Online